000
00283nam a2200121Ia 4500
008
241002s9999 xx 000 0 und d
082
_a
155 REZ
100
_a
Rez, Knight
245
2
_a
A Modern Introduction to Psychology
260
_a
N/A
_c
N/A
600
_a
Philosophy
942
_c
UC
999
_c
18388
_d
18388